000 00360nam a2200157Ia 4500
003 Ost
005 20260225132556.0
008 260225s9999||||xx |||||||||||||| ||und||
040 _cfsic
041 _afre
082 _a440
100 _aJacques Vernier
_eAuteur
245 0 _aLa Bataille de l'environnement /
245 0 _cJacques Vernier
942 _cكتاب
999 _c34461
_d34461